• 首页
  • 本馆介绍
  • 公告通知
  • 最新文献
  • 馆藏检索
  • 电子资源
  • 读者导购
  • 参考咨询
  • 我的图书馆
  • 登录
  • 详细信息显示
  • 放入我的书架
  • 预约/预借图书
  • 作者相关作品
  • 分类相关作品
  • 丛书相关作品
  • 出版社相关作品

书目信息

  • 表格格式
  • 工作单格式
  • 卡片格式
题名:
60分钟高效阅读
    
 
作者: 镜晓娴 著
分册:  
出版信息: 武汉   武汉大学出版社  2020.01
页数: 237页
开本: 23cm
丛书名:
单 册:
中图分类: G792-49
科图分类:
主题词: 读书方法--du shu fang fa--通俗读物
电子资源:
ISBN: 978-7-307-21408-8
000 00918nam0 2200241 450
001 0109110035
005 20201109110332.0
010    @a978-7-307-21408-8@dCNY39.80
100    @a20200622d2020 em y0chiy50 ea
101 0  @achi
102    @aCN@b420000
105    @ay z 000yy
106    @ar
200 1  @a60分钟高效阅读@A60 fen zhong gao xiao yue du@dEfficient reading@e超实用的快速读书法@f镜晓娴(赵静)著@zeng
210    @a武汉@c武汉大学出版社@d2020.01
215    @a237页@d23cm
330    @a本书从根源了解阅读速度慢的原因,教你提高阅读速度的正确训练步骤。书中实战解读一些经典图书,再结合提高阅读能力的6个层次,帮助你找到人生目标、阅读方向、阅读定位,以及适合你的阅读方式和图书。
510 1  @aEfficient reading@zeng
606 0  @a读书方法@Adu shu fang fa@j通俗读物
690    @aG792-49@v5
701  0 @a镜晓娴@Ajing xiao xian@c(女)@4著
801  0 @aCN@bBJSZM@c20201103
905    @b1264726-30@dG792-49@e2276@f5
    
    60分钟高效阅读=Efficient reading:超实用的快速读书法/镜晓娴(赵静)著.-武汉:武汉大学出版社,2020.01
    237页;23cm
    
    
    ISBN 978-7-307-21408-8:CNY39.80
    本书从根源了解阅读速度慢的原因,教你提高阅读速度的正确训练步骤。书中实战解读一些经典图书,再结合提高阅读能力的6个层次,帮助你找到人生目标、阅读方向、阅读定位,以及适合你的阅读方式和图书。
●
相关链接 在E读中查询图书 在五车中查询图书 在当当中查询图书 在豆瓣中查询图书


正题名:60分钟高效阅读     索取号:G792-49/2276         预约/预借

序号 登录号 条形码 馆藏地/架位号 状态 备注
1 1264726   212647260   第一样本阅览室/ [索取号:G792-49/2276] 在馆    
2 1264727   212647279   教育系资料室/ [索取号:G792-49/2276] 在馆    
3 1264728   212647288   教育系资料室/ [索取号:G792-49/2276] 在馆    
4 1264729   212647297   第四借阅区/ [索取号:G792-49/2276] 在馆    
5 1264730   212647304   第四借阅区/ [索取号:G792-49/2276] 在馆    
唐山师范学院图书馆 欢迎您!
大连网信软件有限公司© 版权所有